[Event "FESTIVAL ACCADEMIA 200"]
[Site "?"]
[Date "2019.04.25"]
[Round "1"]
[White "RAUSIS, IGOR."]
[Black "ARIGONI, BRUNO."]
[Result "1-0"]
[WhiteElo "2653"]
[BlackElo "1964"]
[PlyCount "89"]
[SourceDate "2019.05.04"]

1. d4 d5 2. c4 e6 3. Nf3 c6 4. g3 Nf6 5. Bg2 Bd6 6. Nc3 Nbd7 7. O-O O-O 8. Nd2
Re8 9. e4 dxe4 10. Ndxe4 Nxe4 11. Nxe4 Be7 12. Bf4 Nf6 13. Re1 Nxe4 14. Bxe4
Bf6 15. Be5 Qe7 16. Qb3 g6 17. Rad1 a5 18. Rd3 Bg7 19. a3 f6 20. Bf4 Kh8 21. h4
e5 22. dxe5 fxe5 23. Bg5 Qc7 24. Qc2 Bg4 25. h5 Bxh5 26. f3 h6 27. Red1 hxg5
28. Rd7 Qc8 29. Bxg6 Re7 30. Rxe7 Qh3 31. Bxh5 Qxh5 32. Rdd7 Rg8 33. c5 Qh3 34.
Qg2 Qh7 35. Qh2 e4 36. fxe4 g4 37. Qxh7+ Kxh7 38. Rxb7 Kg6 39. Rxg7+ Rxg7 40.
Rxg7+ Kxg7 41. b4 axb4 42. axb4 Kf6 43. Kf2 Ke6 44. Ke3 Ke5 45. Kd3 1-0

[Event "FESTIVAL ACCADEMIA 200"]
[Site "?"]
[Date "2019.04.25"]
[Round "1"]
[White "FOGLIA, MAURIZIO."]
[Black "ALBERTINI, LUCA."]
[Result "0-1"]
[WhiteElo "1959"]
[BlackElo "2151"]
[PlyCount "116"]
[EventDate "2019.??.??"]

1. d4 d5 2. Bf4 Nf6 3. e3 c5 4. c3 Nc6 5. Nd2 Qb6 6. Qb3 c4 7. Qc2 Bg4 8. Be2
Bh5 9. Bxh5 Nxh5 10. Ne2 e6 11. O-O Nxf4 12. Nxf4 Bd6 13. Nh5 g6 14. Ng3 f5 15.
b3 cxb3 16. axb3 Bxg3 17. hxg3 Rc8 18. Qd3 h5 19. c4 h4 20. g4 h3 21. g3 Nb4
22. Qe2 h2+ 23. Kg2 Qc6 24. c5 Qd7 25. gxf5 gxf5 26. Kh1 Nc6 27. Nf3 a6 28. Nh4
Qg7 29. Qf3 Ne7 30. Qf4 Kf7 31. b4 Nc6 32. Rab1 Na7 33. Nf3 Nb5 34. e4 Qh6 35.
exd5 Qxf4 36. dxe6+ Kxe6 37. gxf4 Rcg8 38. Rfe1+ Kf6 39. Re3 Nc7 40. Rbe1 Rg4
41. d5 Nxd5 42. Re6+ Kg7 43. Rd6 Rxf4 44. Ng5 Rg4 45. Ne6+ Kf7 46. Nd8+ Rxd8
47. Rxd8 Nxb4 48. Rd7+ Kf6 49. Kxh2 Rc4 50. Rd6+ Kg5 51. Re7 a5 52. Rxb7 Rxc5
53. Ra7 Kf4 54. Kg2 Ke5 55. Rd1 Kf4 56. Ra1 Nc6 57. Ra4+ Ke5 58. Kg3 Nxa7 0-1

[Event "FESTIVAL ACCADEMIA 200"]
[Site "?"]
[Date "2019.04.25"]
[Round "1"]
[White "MARTINO, ENZO."]
[Black "TOSI, FRANCESCO."]
[Result "1-0"]
[WhiteElo "2137"]
[BlackElo "1954"]
[PlyCount "77"]

1. Nf3 c5 2. g3 d5 3. Bg2 Nc6 4. d4 Nf6 5. O-O e6 6. c4 Be7 7. cxd5 Nxd5 8. Nc3
Nxc3 9. bxc3 cxd4 10. cxd4 O-O 11. Rb1 Bf6 12. e3 Rb8 13. Bb2 b5 14. e4 Na5 15.
Ba3 Re8 16. Bc5 a6 17. Qe2 Bb7 18. Rfc1 Nc4 19. a4 Bc6 20. h4 Be7 21. Bxe7 Qxe7
22. Nd2 Nxd2 23. Qxd2 Rec8 24. d5 Bd7 25. d6 Qd8 26. axb5 axb5 27. e5 h6 28.
Rxc8 Rxc8 29. Rc1 Rb8 30. Qb4 f6 31. exf6 Qxf6 32. Rc7 Rd8 33. Qc5 g5 34. hxg5
hxg5 35. Qa7 Be8 36. d7 Bg6 37. Rc8 Kg7 38. Qc7 Qa1+ 39. Kh2 1-0

[Event "FESTIVAL ACCADEMIA 200"]
[Site "?"]
[Date "2019.04.25"]
[Round "1"]
[White "MARTA, DANIELE."]
[Black "BONAPOSTA, FABRIZIO."]
[Result "0-1"]
[WhiteElo "1937"]
[BlackElo "2046"]
[PlyCount "88"]
[EventDate "2019.??.??"]

1. Nf3 Nf6 2. c4 e6 3. d4 d5 4. Bg5 Be7 5. e3 Nbd7 6. Nbd2 h6 7. Bh4 Ne4 8.
Bxe7 Qxe7 9. Bd3 Nxd2 10. Qxd2 dxc4 11. Bxc4 e5 12. dxe5 Nxe5 13. Nxe5 Qxe5 14.
Qd5 Qe7 15. O-O O-O 16. Rfd1 Bg4 17. Rd4 c6 18. Qa5 b6 19. Qc3 Qg5 20. Kh1 Rad8
21. h3 Bh5 22. Rxd8 Rxd8 23. Bb3 Rd6 24. Rg1 Qh4 25. Qe5 Rd2 26. Qe8+ Kh7 27.
Bxf7 Bxf7 28. Qxf7 Rxf2 29. Qe6 Qf6 30. Qe4+ Qg6 31. Qd4 c5 32. Qe5 Qc2 33. Qd5
Qxb2 34. Qe4+ g6 35. Rd1 Qg7 36. a4 Ra2 37. Kh2 Rf2 38. Qe6 Rf7 39. e4 Re7 40.
Qd5 h5 41. a5 Qf6 42. axb6 axb6 43. Rb1 Qf4+ 44. Kh1 Qxe4 0-1

[Event "FESTIVAL ACCADEMIA 200"]
[Site "?"]
[Date "2019.04.25"]
[Round "1"]
[White "BERNARDINI, TOMMASO."]
[Black "PUGLIA, FRANCESCO."]
[Result "1-0"]
[WhiteElo "2044"]
[BlackElo "1854"]
[PlyCount "55"]

1. e4 c5 2. Nc3 d6 3. f4 g6 4. Nf3 Bg7 5. Bb5+ Bd7 6. Bxd7+ Nxd7 7. d3 e6 8.
O-O Ne7 9. Nb5 Qb6 10. c4 O-O 11. Qc2 Rad8 12. Re1 a6 13. Nc3 Qc6 14. Rb1 b5
15. b3 b4 16. Ne2 e5 17. Ng3 exf4 18. Bxf4 Ne5 19. Qe2 Qb6 20. Rbd1 N7c6 21.
Nf1 Nxf3+ 22. Qxf3 Bc3 23. Bh6 Nd4 24. Qf2 f5 25. Bxf8 Rxf8 26. e5 dxe5 27.
Rxe5 Nf3+ 28. Qxf3 1-0

[Event "FESTIVAL ACCADEMIA 200"]
[Site "?"]
[Date "2019.04.25"]
[Round "1"]
[White "SCAGLIARINI, BRUNO."]
[Black "VALENTE, GIUSEPPE."]
[Result "0-1"]
[WhiteElo "1852"]
[BlackElo "2033"]
[PlyCount "73"]

1. c4 e6 2. Nf3 c5 3. e4 d6 4. d4 cxd4 5. Nxd4 Nf6 6. Nc3 a6 7. Be2 Nbd7 8. O-O
Qc7 9. Be3 Be7 10. f3 O-O 11. Qd2 Ne5 12. b3 Re8 13. Rad1 Bd7 14. Kh1 Rac8 15.
a4 Ng6 16. f4 Qb8 17. f5 Ne5 18. fxe6 fxe6 19. Bf4 Rf8 20. Bxe5 dxe5 21. Nf3
Bc6 22. Qc2 Ng4 23. Rd3 Bc5 24. Qc1 Nf2+ 25. Rxf2 Bxf2 26. Qg5 Bd4 27. Qg4 Qd6
28. Ng5 Rce8 29. Qh4 h6 30. Nf3 Rf4 31. Qg3 Bxe4 32. Nxe4 Rxe4 33. Bf1 Rf8 34.
h3 Ref4 35. Rd2 Qb4 36. Bd3 Rxf3 37. Qg6 0-1

[Event "FESTIVAL ACCADEMIA 200"]
[Site "?"]
[Date "2019.04.25"]
[Round "1"]
[White "CENCI, FEDERICO."]
[Black "ROBERTI, BRUNO."]
[Result "1-0"]
[WhiteElo "2020"]
[BlackElo "1850"]
[PlyCount "43"]

1. e4 c5 2. Nf3 e6 3. d4 cxd4 4. Nxd4 Nc6 5. Nc3 a6 6. Be2 Nge7 7. Bf4 Qb6 8.
Nb3 Ng6 9. Bg3 Be7 10. O-O O-O 11. Kh1 d6 12. f4 Bd7 13. f5 Nge5 14. Qd2 Rac8
15. f6 Bxf6 16. Rxf6 gxf6 17. Bh4 Kg7 18. Rf1 f5 19. Rxf5 exf5 20. Nd5 Qa7 21.
Bf6+ Kg8 22. Qh6 1-0

[Event "FESTIVAL ACCADEMIA 200"]
[Site "?"]
[Date "2019.04.25"]
[Round "1"]
[White "CASTELLANO, LORENZO."]
[Black "MARINO, GIOVANNI."]
[Result "0-1"]
[WhiteElo "1841"]
[BlackElo "1998"]
[PlyCount "78"]

1. e4 c5 2. Nf3 d6 3. d4 cxd4 4. Nxd4 Nf6 5. Nc3 a6 6. Bg5 e6 7. f4 Qc7 8. Qf3
b5 9. Bxf6 gxf6 10. O-O-O b4 11. Nce2 h5 12. Kb1 Bb7 13. Nc1 Nd7 14. Bd3 O-O-O
15. Qe2 Qb6 16. Ndb3 Be7 17. Nd2 Nc5 18. Nc4 Qc7 19. Rhe1 Nxd3 20. cxd3 d5 21.
exd5 Bxd5 22. Qc2 Kb7 23. g3 h4 24. Nb3 hxg3 25. Nba5+ Kb8 26. hxg3 Bc5 27. Rc1
Rc8 28. Qa4 Bc6 29. Nxc6+ Qxc6 30. Qb3 Qb5 31. d4 Be7 32. Qd3 Rhd8 33. b3 Bc5
34. Qh7 Bxd4 35. Qxf7 Qf5+ 36. Rc2 Bc3 37. Rec1 Rc7 38. Ne3 Qxc2+ 39. Nxc2 Rxf7
0-1

[Event "FESTIVAL ACCADEMIA 200"]
[Site "?"]
[Date "2019.04.26"]
[Round "2"]
[White "ALBERTINI, LUCA."]
[Black "BERNARDINI, TOMMASO."]
[Result "1-0"]
[WhiteElo "2151"]
[BlackElo "2044"]
[PlyCount "115"]
[EventDate "2019.??.??"]

1. e4 e6 2. d4 d5 3. Nd2 dxe4 4. Nxe4 Be7 5. Nf3 Nf6 6. Bd3 Nbd7 7. O-O Nxe4 8.
Bxe4 Nf6 9. Re1 Nxe4 10. Rxe4 O-O 11. c3 Bf6 12. Ne5 Bxe5 13. Rxe5 f6 14. Re3
Qd5 15. Qe2 Bd7 16. Rg3 Qf5 17. Bh6 Rf7 18. Rd1 Re8 19. h3 Kh8 20. Bc1 Rff8 21.
Qc4 Bc6 22. b3 Qd5 23. Bf4 Qd7 24. Re3 Qd5 25. Qxd5 exd5 26. Bxc7 Rxe3 27. fxe3
Rc8 28. Bd6 Bb5 29. Rc1 Bd3 30. Kf2 Kg8 31. Ke1 Kf7 32. Kd2 Ba6 33. a4 Rd8 34.
Bb4 Rc8 35. a5 b6 36. axb6 axb6 37. Ra1 Ra8 38. c4 Bb7 39. Rxa8 Bxa8 40. g3 Ke6
41. Bf8 g6 42. Kc3 Bc6 43. e4 Bd7 44. exd5+ Kf7 45. Bd6 Bxh3 46. Kb4 Ke8 47.
Bc7 Kd7 48. Bxb6 Bg2 49. Kc5 h5 50. Ba5 g5 51. Bd2 Be4 52. b4 Kc7 53. b5 Bf3
54. d6+ Kd7 55. d5 Be2 56. b6 Kc8 57. Be3 Bg4 58. Kd4 1-0

[Event "FESTIVAL ACCADEMIA 200"]
[Site "?"]
[Date "2019.04.26"]
[Round "2"]
[White "MARINO, GIOVANNI."]
[Black "MARTINO, ENZO."]
[Result "0-1"]
[WhiteElo "1998"]
[BlackElo "2137"]
[PlyCount "74"]
[EventDate "2019.??.??"]

1. Nf3 Nf6 2. d4 d5 3. c4 e6 4. g3 Be7 5. Bg2 O-O 6. O-O dxc4 7. Qa4 a6 8. Qxc4
b5 9. Qc2 Bb7 10. Nbd2 Nbd7 11. Nb3 Be4 12. Qd1 c5 13. Nxc5 Nxc5 14. dxc5 Bxc5
15. Qxd8 Rfxd8 16. Ne5 h6 17. Bxe4 Nxe4 18. Nd3 Bd4 19. Bf4 g5 20. Bc7 Rdc8 21.
Rfc1 a5 22. Be5 Bb6 23. b3 f6 24. Bb2 b4 25. Rc4 Rxc4 26. bxc4 e5 27. Rc1 Nc5
28. Nxc5 Bxc5 29. Rd1 a4 30. e3 a3 31. Bc1 Rc8 32. Rd2 Rb8 33. Rd3 Bf8 34. Rd5
b3 35. axb3 Rxb3 36. Rb5 a2 37. Ra5 Ba3 0-1

[Event "FESTIVAL ACCADEMIA 200"]
[Site "?"]
[Date "2019.04.26"]
[Round "2"]
[White "BONAPOSTA, FABRIZIO."]
[Black "COSTABILE, VINCENZO."]
[Result "1-0"]
[WhiteElo "2046"]
[BlackElo "1838"]
[PlyCount "44"]

1. e4 c5 2. b4 cxb4 3. a3 e6 4. axb4 d5 5. exd5 Bxb4 6. Bb5+ Kf8 7. Nf3 Qxd5 8.
Na3 Ne7 9. Be2 e5 10. Nb5 e4 11. Nfd4 Na6 12. O-O Nc6 13. c3 Nxd4 14. Nxd4 Nc5
15. Nb5 Qe5 16. cxb4 Qxa1 17. bxc5 a6 18. Nd6 Qd4 19. Qb3 Be6 20. Qxb7 Bd5 21.
c6 Ra7 22. Qb8+ Ke7 1-0

[Event "FESTIVAL ACCADEMIA 200"]
[Site "?"]
[Date "2019.04.26"]
[Round "2"]
[White "ARIGONI, BRUNO."]
[Black "CENCI, FEDERICO."]
[Result "1/2-1/2"]
[WhiteElo "1964"]
[BlackElo "2020"]
[PlyCount "27"]

1. e4 c5 2. Nf3 d6 3. d4 cxd4 4. Nxd4 Nf6 5. Nc3 e6 6. Be2 Be7 7. Be3 a6 8. a4
Qc7 9. f4 Nc6 10. Nb3 b6 11. O-O O-O 12. Bf3 Rb8 13. Qe2 Re8 14. Rad1 1/2-1/2

[Event "FESTIVAL ACCADEMIA 200"]
[Site "?"]
[Date "2019.04.26"]
[Round "2"]
[White "PUGLIA, FRANCESCO."]
[Black "FOGLIA, MAURIZIO."]
[Result "1-0"]
[WhiteElo "1854"]
[BlackElo "1959"]
[PlyCount "43"]

1. g3 Nf6 2. Bg2 g6 3. e4 d6 4. d3 c5 5. f4 Nc6 6. c3 Bg7 7. Nf3 c4 8. e5 dxe5
9. fxe5 Nd7 10. d4 f6 11. Qe2 fxe5 12. Ng5 Bf6 13. d5 Na5 14. Ne6 Qb6 15. Be3
Qd6 16. Nd2 b6 17. Ne4 Qb8 18. O-O Bb7 19. d6 Bxe4 20. Nc7+ Qxc7 21. dxc7 Bd3
22. Bxa8 1-0

[Event "FESTIVAL ACCADEMIA 200"]
[Site "?"]
[Date "2019.04.26"]
[Round "2"]
[White "TOSI, FRANCESCO."]
[Black "SCAGLIARINI, BRUNO."]
[Result "1-0"]
[WhiteElo "1954"]
[BlackElo "1852"]
[PlyCount "81"]

1. Nf3 d5 2. d4 e6 3. c4 Nf6 4. g3 Be7 5. Bg2 O-O 6. O-O c6 7. Qc2 Nbd7 8. Rd1
Re8 9. Nbd2 Bf8 10. e4 dxe4 11. Nxe4 Nxe4 12. Qxe4 Nf6 13. Qc2 h6 14. h3 Qc7
15. Bf4 Bd6 16. Ne5 Nh5 17. c5 Nxf4 18. gxf4 Bf8 19. Qe4 Bd7 20. Rac1 Rad8 21.
Rd3 Bc8 22. Rg3 f6 23. Ng4 Kh8 24. Qe3 e5 25. fxe5 Bxg4 26. Rxg4 fxe5 27. Qg3
Re7 28. dxe5 Qxe5 29. Qa3 Red7 30. b4 Be7 31. Qb3 Bf6 32. Rf1 Rd3 33. Qf7 R3d7
34. Qg6 Qe8 35. Qb1 Rd4 36. Re1 Qd7 37. Qg6 Rxg4 38. hxg4 Bg5 39. Kh1 Qd4 40.
Re8+ Rxe8 41. Qxe8+ 1-0

[Event "FESTIVAL ACCADEMIA 200"]
[Site "?"]
[Date "2019.04.26"]
[Round "2"]
[White "ROBERTI, BRUNO."]
[Black "MARTA, DANIELE."]
[Result "1/2-1/2"]
[WhiteElo "1850"]
[BlackElo "1937"]
[PlyCount "26"]

1. d4 Nf6 2. Nf3 e6 3. c4 Bb4+ 4. Bd2 Bxd2+ 5. Nbxd2 d6 6. g3 Nbd7 7. Bg2 O-O
8. O-O e5 9. e4 Qe7 10. Qc2 Re8 11. Rfe1 a5 12. Rad1 b6 13. Nf1 Bb7 1/2-1/2

[Event "FESTIVAL ACCADEMIA 200"]
[Site "?"]
[Date "2019.04.27"]
[Round "3"]
[White "MARTINO, ENZO."]
[Black "RAUSIS, IGORS."]
[Result "0-1"]
[WhiteElo "2137"]
[BlackElo "2653"]
[PlyCount "72"]
[EventDate "2019.??.??"]

1. d4 d6 2. Nf3 g6 3. c4 Bg7 4. g3 Nf6 5. Bg2 O-O 6. O-O c6 7. Nc3 a6 8. b3 b5
9. cxb5 axb5 10. Bb2 b4 11. Nb1 Nbd7 12. Nbd2 Bb7 13. e4 c5 14. d5 Ba6 15. Re1
Bd3 16. Bf1 Bxf1 17. Nxf1 Ra6 18. Qc2 Qb6 19. N1d2 Rfa8 20. Nc4 Qb7 21. a4 bxa3
22. Rxa3 Rxa3 23. Bxa3 Ng4 24. Bb2 Ra2 25. Rb1 Qb4 26. Qd3 Bxb2 27. Rxb2 Nde5
28. Nfxe5 Nxe5 29. Qe2 Rxb2 30. Nxb2 Qxb3 31. f4 Nf3+ 32. Kg2 Nd4 33. Qf2 f5
34. exf5 Qxd5+ 35. Kh3 Qxf5+ 36. Kg2 Qe4+ 0-1

[Event "FESTIVAL ACCADEMIA 200"]
[Site "?"]
[Date "2019.04.27"]
[Round "3"]
[White "CENCI, FEDERICO."]
[Black "MARINO, GIOVANNI."]
[Result "1-0"]
[WhiteElo "2020"]
[BlackElo "1998"]
[PlyCount "61"]
[EventDate "2019.??.??"]

1. e4 c5 2. Nf3 d6 3. d4 cxd4 4. Nxd4 Nf6 5. Nc3 a6 6. h3 e5 7. Nde2 h5 8. g3
b5 9. Bg2 Bb7 10. O-O b4 11. Nd5 Nxd5 12. exd5 f5 13. Qd3 g6 14. Re1 Kf7 15. f4
Qb6+ 16. Be3 Qb5 17. c4 bxc3 18. Qxc3 Bg7 19. Qd2 a5 20. Nc3 Qd7 21. a4 h4 22.
fxe5 dxe5 23. g4 fxg4 24. Ne4 g3 25. Nc5 Qc8 26. Rf1+ Kg8 27. Qd3 Ra6 28. Nxa6
Bxa6 29. Qxg6 Bxf1 30. Rxf1 Nd7 31. Qf7+ 1-0

[Event "FESTIVAL ACCADEMIA 200"]
[Site "?"]
[Date "2019.04.27"]
[Round "3"]
[White "BERNARDINI, TOMMASO."]
[Black "CASTELLANO, LORENZO."]
[Result "1-0"]
[WhiteElo "2044"]
[BlackElo "1841"]
[PlyCount "65"]
[EventDate "2019.??.??"]

1. e4 c5 2. Nc3 a6 3. f4 e6 4. Nf3 b5 5. d3 Bb7 6. Be2 d5 7. e5 Nc6 8. O-O Nge7
9. a4 b4 10. Nb1 a5 11. b3 Nf5 12. g4 Nh4 13. Be3 Nxf3+ 14. Bxf3 g6 15. Qe2 Rc8
16. Bg2 h5 17. f5 hxg4 18. fxe6 fxe6 19. Qxg4 Nxe5 20. Qxe6+ Qe7 21. Qxe7+ Bxe7
22. Nd2 Bd6 23. Rae1 Rc7 24. Rf6 Kd7 25. Bf4 Re8 26. Bh3+ Ke7 27. Bxe5 Bxe5 28.
Rxe5+ Kxf6 29. Rxe8 Kg5 30. Bg2 Rd7 31. Nf3+ Kf4 32. Kf2 c4 33. Rf8+ 1-0

[Event "FESTIVAL ACCADEMIA 200"]
[Site "?"]
[Date "2019.04.27"]
[Round "3"]
[White "VALENTI, GIUSEPPE."]
[Black "PUGLIA, FRANCESCO."]
[Result "0-1"]
[WhiteElo "2033"]
[BlackElo "1854"]
[PlyCount "62"]
[EventDate "2019.??.??"]

1. e4 c5 2. Nf3 d6 3. d4 cxd4 4. Nxd4 Nf6 5. Nc3 a6 6. Bc4 e6 7. Bb3 b5 8. O-O
Be7 9. f4 O-O 10. e5 dxe5 11. fxe5 Bc5 12. Be3 Nfd7 13. Qh5 g6 14. Qh6 Nxe5 15.
Rf4 Nbd7 16. Ne4 Be7 17. Raf1 Bb7 18. Bxe6 Bxe4 19. Rxe4 fxe6 20. Nxe6 Rxf1+
21. Kxf1 Bf8 22. Qh3 Qf6+ 23. Rf4 Qe7 24. Nc7 Rc8 25. Nd5 Qd6 26. Nf6+ Nxf6 27.
Qxc8 Qd1+ 28. Kf2 Neg4+ 29. Kg3 Qe1+ 30. Bf2 Nxf2 31. Kf3 N6g4 0-1

[Event "FESTIVAL ACCADEMIA 200"]
[Site "?"]
[Date "2019.04.27"]
[Round "3"]
[White "COSTABILE, VINCENZO."]
[Black "TOSI, FRANCESCO."]
[Result "0-1"]
[WhiteElo "1838"]
[BlackElo "1954"]
[PlyCount "130"]

1. e4 c5 2. Nf3 Nf6 3. Nc3 d6 4. d4 cxd4 5. Nxd4 e6 6. Bg5 Be7 7. Qd2 h6 8. Bh4
a6 9. f3 Nxe4 10. Bxe7 Nxd2 11. Bxd8 Nxf1 12. Bc7 Ne3 13. Kf2 e5 14. Kxe3 exd4+
15. Kxd4 Nc6+ 16. Ke3 O-O 17. Rhe1 Bf5 18. Kf2 Bxc2 19. Rac1 Nb4 20. Bxd6 Nd3+
21. Kg3 Rfd8 22. Rxc2 Nxe1 23. Rd2 Rac8 24. Kf2 Rc6 25. Kxe1 Rcxd6 26. Re2 b5
27. a3 Kf8 28. Ne4 Rc6 29. Kf2 g5 30. g3 Kg7 31. h4 f6 32. Nc3 Rd7 33. hxg5
hxg5 34. g4 Rb6 35. Ne4 Kf7 36. Nc5 Rc7 37. b4 Rbc6 38. f4 gxf4 39. Kf3 Rxc5
40. bxc5 Rxc5 41. Kxf4 Kg6 42. Re3 Rc4+ 43. Kf3 Kg5 44. Rd3 Rf4+ 45. Ke2 Rxg4
46. Rd6 Ra4 47. Rd3 f5 48. Kf3 a5 49. Rb3 b4 50. axb4 Rxb4 51. Ra3 a4 52. Kf2
f4 53. Ke1 Kg4 54. Kf2 Rc4 55. Ke2 Rb4 56. Kf2 Kf5 57. Ke2 Ke4 58. Kf2 Kd4 59.
Ke2 Kc5 60. Kd2 Re4 61. Rf3 Kb4 62. Kc2 a3 63. Rb3+ Ka4 64. Rb8 Re2+ 65. Kb1
Rb2+ 0-1

[Event "FESTIVAL ACCADEMIA 200"]
[Site "?"]
[Date "2019.04.27"]
[Round "3"]
[White "MARTA, DANIELE."]
[Black "ARIGONI, BRUNO."]
[Result "1-0"]
[WhiteElo "1937"]
[BlackElo "1964"]
[PlyCount "101"]

1. Nf3 d5 2. g3 Nf6 3. Bg2 e6 4. O-O c5 5. d3 Nc6 6. Nbd2 Be7 7. e4 O-O 8. Re1
dxe4 9. dxe4 e5 10. c3 Qc7 11. Qe2 b6 12. Nf1 a5 13. Bg5 Ba6 14. Qc2 Rad8 15.
Rad1 Bxf1 16. Bxf1 Rxd1 17. Rxd1 Rd8 18. Rxd8+ Nxd8 19. Qd3 h6 20. Be3 Ne6 21.
h3 Nd8 22. Nh4 Nb7 23. Nf5 Bf8 24. Be2 Kh7 25. Bc1 Nd6 26. Nxd6 Qxd6 27. Qxd6
Bxd6 28. f3 Kg8 29. Kf2 Kf8 30. Ke3 Ke7 31. Bb5 Nh5 32. Kf2 Nf6 33. Bd2 Bc7 34.
Ke3 Nh5 35. Be1 Bd6 36. Kd3 Nf6 37. Bc6 Nh7 38. h4 Kd8 39. Bd5 f6 40. Kc4 Kc7
41. Bf2 Nf8 42. Bf7 Kd8 43. Kb5 Kc7 44. b4 axb4 45. cxb4 Nd7 46. a3 cxb4 47.
axb4 Be7 48. h5 Kd8 49. Be6 Bd6 50. Kc6 Bxb4 51. Bxd7 1-0

[Event "FESTIVAL ACCADEMIA 200"]
[Site "?"]
[Date "2019.04.27"]
[Round "3"]
[White "FOGLIA, MAURIZIO."]
[Black "ROBERTI, BRUNO."]
[Result "1-0"]
[WhiteElo "1959"]
[BlackElo "1850"]
[PlyCount "101"]

1. e4 c5 2. Nf3 e6 3. d3 d5 4. Nbd2 Nf6 5. g3 Be7 6. Bg2 Nc6 7. O-O O-O 8. Re1
b5 9. c3 Qb6 10. e5 Nd7 11. Nf1 a5 12. h4 b4 13. h5 h6 14. N1h2 Ba6 15. Ng4
Rfe8 16. Qe2 a4 17. a3 bxc3 18. bxc3 c4 19. d4 Na5 20. Bxh6 gxh6 21. Qe3 Qd8
22. Nxh6+ Kg7 23. Qf4 Rf8 24. Ng4 Rh8 25. h6+ Kf8 26. Ne3 Bb7 27. g4 Ke8 28. g5
Nf8 29. Ng4 Ng6 30. Qe3 Qc7 31. Nfh2 Kd7 32. f4 Nh4 33. Bh3 Nf5 34. Qf2 Nb3 35.
Ra2 Nc5 36. dxc5 Bxc5 37. Ne3 Nxe3 38. Rxe3 Qb6 39. Ng4 Qb1+ 40. Kh2 Bxe3 41.
Nxe3 Qc1 42. Nc2 Bc6 43. Nb4 Rab8 44. Rc2 Qxa3 45. Qc5 Rhc8 46. Qd6+ Ke8 47.
Ra2 Qc1 48. Rf2 Qe1 49. Rf1 Qe3 50. Nxc6 Qe2+ 51. Kh1 1-0

[Event "FESTIVAL ACCADEMIA 200"]
[Site "?"]
[Date "2019.04.27"]
[Round "4"]
[White "RAUSIS, IGORS."]
[Black "BONAPOSTA, FABRIZIO."]
[Result "1-0"]
[WhiteElo "2653"]
[BlackElo "2046"]
[PlyCount "57"]
[EventDate "2019.??.??"]

1. d4 d5 2. c4 c6 3. Nf3 Nf6 4. g3 e6 5. Bg2 Bb4+ 6. Nc3 Ne4 7. O-O Nxc3 8.
bxc3 Bd6 9. a4 Nd7 10. a5 O-O 11. Re1 Bc7 12. Qa4 Rb8 13. Qc2 Re8 14. e4 dxe4
15. Rxe4 e5 16. Re1 h6 17. Bd2 c5 18. Re3 Bxa5 19. dxe5 Nf8 20. Rd3 Qc7 21. e6
Nxe6 22. Qa4 Rd8 23. Rxd8+ Qxd8 24. Qxa5 b6 25. Qxa7 Bb7 26. Ne5 Ra8 27. Qxa8
Bxa8 28. Rxa8 Qxa8 29. Bxa8 1-0

[Event "FESTIVAL ACCADEMIA 200"]
[Site "?"]
[Date "2019.04.27"]
[Round "4"]
[White "ALBERTINI, LUCA."]
[Black "CENCI, FEDERICO."]
[Result "1-0"]
[WhiteElo "2151"]
[BlackElo "2020"]
[PlyCount "57"]

1. e4 c5 2. Nf3 d6 3. Bb5+ Bd7 4. Bxd7+ Qxd7 5. c4 Nc6 6. O-O Nf6 7. Nc3 g6 8.
d4 cxd4 9. Nxd4 Bg7 10. f3 Nxe4 11. fxe4 Bxd4+ 12. Kh1 Bg7 13. Nd5 O-O 14. Rb1
Qd8 15. Bg5 h6 16. Bd2 e6 17. Nc3 a6 18. Bf4 Ne5 19. b3 Qa5 20. Bd2 Qc7 21. Qe2
Rac8 22. Qe3 Qc5 23. Qh3 h5 24. Be3 Qa5 25. Bd2 Qc5 26. Be3 Qa5 27. Bd2 Ng4 28.
a4 Qc5 29. Qg3 1-0

[Event "FESTIVAL ACCADEMIA 200"]
[Site "?"]
[Date "2019.04.27"]
[Round "4"]
[White "PUGLIA, FRANCESCO."]
[Black "MARTINO, ENZO."]
[Result "0-1"]
[WhiteElo "1854"]
[BlackElo "2137"]
[PlyCount "48"]

1. g3 Nf6 2. Bg2 g6 3. e4 d6 4. d3 Bg7 5. f4 Bg4 6. Nf3 e5 7. h3 Bxf3 8. Qxf3
Nc6 9. c3 Qd7 10. Be3 O-O-O 11. b4 Rhe8 12. O-O d5 13. Nd2 d4 14. b5 dxe3 15.
bxc6 Qxc6 16. Nc4 Rxd3 17. Nxe5 Rxe5 18. fxe5 Nh5 19. g4 Qc5 20. Kh1 Nf4 21.
Qxf4 e2 22. Rfe1 Bxe5 23. Qxf7 Qxc3 24. Rac1 Rxh3+ 0-1

[Event "FESTIVAL ACCADEMIA 200"]
[Site "?"]
[Date "2019.04.27"]
[Round "4"]
[White "TOSI, FRANCESCO."]
[Black "BERNARDINI, TOMMASO."]
[Result "1/2-1/2"]
[WhiteElo "1954"]
[BlackElo "2044"]
[PlyCount "43"]

1. d4 Nf6 2. Nf3 g6 3. Bg5 d5 4. e3 Bg7 5. Bd3 c5 6. c3 b6 7. Nbd2 O-O 8. O-O
Bb7 9. Qe2 Ne4 10. Bf4 Nd7 11. Ba6 Bxa6 12. Qxa6 Nxd2 13. Nxd2 e5 14. dxe5 Bxe5
15. Bg3 Bxg3 16. hxg3 Ne5 17. Nf3 Nxf3+ 18. gxf3 Qc7 19. Rfd1 Rfd8 20. Rd2 Rd7
21. Rad1 Rad8 22. Kg2 1/2-1/2

[Event "FESTIVAL ACCADEMIA 200"]
[Site "?"]
[Date "2019.04.27"]
[Round "4"]
[White "SCAGLIARINI, BRUNO."]
[Black "MARTA, DANIELE."]
[Result "0-1"]
[WhiteElo "1852"]
[BlackElo "1937"]
[PlyCount "106"]
[EventDate "2019.??.??"]

1. c4 Nf6 2. Nf3 g6 3. g3 Bg7 4. Bg2 O-O 5. O-O d6 6. d4 Nbd7 7. Nc3 e5 8. e3
Re8 9. b3 exd4 10. exd4 Ne4 11. Nxe4 Rxe4 12. Be3 Nf6 13. h3 c6 14. Qd2 Re8 15.
Rad1 Ne4 16. Qc1 Qa5 17. a3 Bf5 18. b4 Qd8 19. g4 Bd7 20. Ng5 Nf6 21. Rfe1 d5
22. Bf4 Rxe1+ 23. Rxe1 h6 24. Nf3 Qf8 25. Ne5 Be6 26. c5 Ne4 27. f3 Ng5 28. h4
Nh7 29. Qd2 Bc8 30. g5 hxg5 31. hxg5 Bf5 32. Kh2 Qc8 33. Qe3 Nf8 34. Nd3 Ne6
35. Be5 Bxd3 36. Bxg7 Kxg7 37. Qxd3 Nxg5 38. Qe3 Qc7+ 39. Kg1 Qg3 40. Qe5+ Qxe5
41. Rxe5 Ne6 42. Bh3 Nxd4 43. Re7 b6 44. f4 Kf6 45. Rc7 bxc5 46. bxc5 Ne2+ 47.
Kf1 Nxf4 48. Rxc6+ Ke5 49. Bg4 Ne6 50. a4 Rb8 51. Ra6 Nxc5 52. Rxa7 Rb4 53. a5
Rxg4 0-1

[Event "FESTIVAL ACCADEMIA 200"]
[Site "?"]
[Date "2019.04.27"]
[Round "4"]
[White "CASTELLANO, LORENZO."]
[Black "VALENTI, GIUSEPPE."]
[Result "0-1"]
[WhiteElo "1841"]
[BlackElo "2033"]
[PlyCount "58"]
[EventDate "2019.??.??"]

1. e4 c5 2. Nc3 e6 3. f4 Nc6 4. Nf3 d6 5. Bb5 Bd7 6. O-O Nf6 7. d3 Be7 8. Qe1
a6 9. Bxc6 Bxc6 10. Kh1 Qc7 11. a4 O-O 12. Qg3 Kh8 13. Ng5 h6 14. Nh3 b5 15. e5
Nd7 16. exd6 Qxd6 17. Ne4 Qd5 18. f5 exf5 19. Nf4 Qe5 20. Nc3 Qd6 21. Qh3 Nf6
22. Nfe2 b4 23. Bxh6 gxh6 24. Ng3 Bd7 25. Rae1 Nh7 26. Rxe7 Qxe7 27. Nd5 Qg5
28. Nf4 Rae8 29. Ngh5 Qg4 0-1

[Event "FESTIVAL ACCADEMIA 200"]
[Site "?"]
[Date "2019.04.27"]
[Round "4"]
[White "MARINO, GIOVANNI."]
[Black "FOGLIA, MAURIZIO."]
[Result "0-1"]
[WhiteElo "1998"]
[BlackElo "1959"]
[PlyCount "104"]

1. Nf3 Nf6 2. d4 d5 3. c4 dxc4 4. Qa4+ c6 5. Qxc4 Bf5 6. Nc3 e6 7. g3 Nbd7 8.
Bg2 h6 9. O-O Be7 10. b4 O-O 11. Re1 Ne4 12. Nxe4 Bxe4 13. a4 Nb6 14. Qb3 Bxf3
15. Bxf3 Qxd4 16. Be3 Qxb4 17. Rab1 Qxb3 18. Rxb3 Nd5 19. Rxb7 Bf6 20. Rc1 Nxe3
21. fxe3 Bd8 22. Rxc6 Bb6 23. Rc3 Rac8 24. Rb3 Rc5 25. Ra3 Rfc8 26. Rd7 Ra5 27.
Kf2 Rc4 28. Rdd3 Rcxa4 29. Rxa4 Rxa4 30. Rb3 f5 31. Bc6 Rc4 32. Bb5 Rc5 33. Ba6
Kf7 34. Kf3 g5 35. h3 h5 36. h4 gxh4 37. gxh4 Kf6 38. Bb5 Ke5 39. Be8 Rc4 40.
Bxh5 Rxh4 41. Be8 Rh3+ 42. Kg2 Rxe3 43. Rxe3+ Bxe3 44. Kf3 f4 45. Bd7 Kd5 46.
Be8 a5 47. Bd7 e5 48. Be8 Kd4 49. Bc6 Kc5 50. Be8 Kb4 51. Ke4 a4 52. Kd3 Kb3
0-1

[Event "FESTIVAL ACCADEMIA 200"]
[Site "?"]
[Date "2019.04.27"]
[Round "4"]
[White "ROBERTI, BRUNO."]
[Black "COSTABILE, VINCENZO."]
[Result "1/2-1/2"]
[WhiteElo "1850"]
[BlackElo "1838"]
[PlyCount "74"]

1. d4 Nf6 2. Nf3 b6 3. g3 Bb7 4. Bg2 e6 5. O-O c5 6. e3 Be7 7. c4 O-O 8. d5
exd5 9. Nh4 Ba6 10. Na3 Nc6 11. Nf5 d6 12. Qa4 Qc8 13. Bh3 Kh8 14. Kg2 Qb7 15.
Nb5 Bxb5 16. cxb5 Ne5 17. Qd1 Rfe8 18. b3 Bf8 19. Kg1 a6 20. bxa6 Qxa6 21. Bb2
g6 22. f4 Ned7 23. Qxd5 gxf5 24. Qxf7 Bg7 25. Bxf5 Rf8 26. Qe7 Rfe8 27. Qxd6 b5
28. Qd2 Rad8 29. Rfd1 Qc6 30. Qe2 Nf8 31. Rxd8 Rxd8 32. e4 c4 33. Rc1 Re8 34.
e5 Qb6+ 35. Kg2 Qb7+ 36. Kg1 Qb6+ 37. Kg2 Qb7+ 1/2-1/2